| 000 | 00580nam a2200169 a 4500 | ||
|---|---|---|---|
| 001 | 000002446 | ||
| 005 | 20200929150209.0 | ||
| 008 | 090702s2008 sp 000 0 spa d | ||
| 020 | _a9788489384712 | ||
| 040 |
_aDO-SdBNP _bspa _cBNPHU |
||
| 082 |
_axxx _bxxx |
||
| 245 | 0 | 0 | _aLibros escogidos de la literatura infantil y juvenil (3-15 años) 2006-2007 :. |
| 260 |
_aMadrid : _bFundación Germán Sánchez Ruipérez : Red de Selección de Libros Infantiles y Juveniles, _c2008. |
||
| 300 |
_a120 p. : _bil. ; _c20 cm. |
||
| 500 | _aIncluye índice | ||
| 590 | _aInventariado, 2018/MFF | ||
| 999 |
_c2282 _d2282 |
||